000
00261nam a2200133Ia 4500
100
_a
Oliver/W
942
_c
BK
654
_a
Autoslip
245
_a
Illustrated Autoslip
260
_b
BPB
_a
New Delhi
_c
1990
300
_a
256
546
_a
ENGLISH
999
_c
20657
_d
20657